Online katalóg knižníc regiónu Turca

Bádatelia pravdy (Record no. 20456)

MARC details
000 -LEADER
fixed length control field 01549nam a2200421 a 4500
001 - CONTROL NUMBER
control field 20456
003 - CONTROL NUMBER IDENTIFIER
control field VRT
005 - DATE AND TIME OF LATEST TRANSACTION
control field 20260122142719.0
008 - FIXED-LENGTH DATA ELEMENTS--GENERAL INFORMATION
fixed length control field 961209q1995 xx g p 000 0 slo c
020 ## - INTERNATIONAL STANDARD BOOK NUMBER
International Standard Book Number 8088834287 (brož.)
035 ## - SYSTEM CONTROL NUMBER
System control number UKB000210387
039 #9 - LEVEL OF BIBLIOGRAPHIC CONTROL AND CODING DETAIL [OBSOLETE]
Level of rules in bibliographic description 201106241029
Level of effort used to assign nonsubject heading access points gluc
Level of effort used to assign subject headings 201106241028
Level of effort used to assign classification gluc
Level of effort used to assign subject headings 201106241026
Level of effort used to assign classification gluc
040 ## - CATALOGING SOURCE
Original cataloging agency BAA001
Language of cataloging slo
Transcribing agency BAA001
Description conventions AACR2
041 1# - LANGUAGE CODE
Language code of text/sound track or separate title slo
Language code of original fre
-- ita
080 ## - UNIVERSAL DECIMAL CLASSIFICATION NUMBER
Universal Decimal Classification number 165.63
100 1# - MAIN ENTRY--PERSONAL NAME
Personal name Galilei, Galileo,
Dates associated with a name 1564-1642
243 10 - COLLECTIVE UNIFORM TITLE
Uniform title <a href="Klasicistická próza">Klasicistická próza</a>
245 10 - TITLE STATEMENT
Title Bádatelia pravdy
Remainder of title výber z diela
Statement of responsibility, etc. Galileo Galilei, René Descartes ; [prel. Mikuláš Pažitka, Anton Vantuch]
260 ## - PUBLICATION, DISTRIBUTION, ETC.
Place of publication, distribution, etc. Rohovce
Name of publisher, distributor, etc. Interpopulart Slovakia
Date of publication, distribution, etc. [1995]
300 ## - PHYSICAL DESCRIPTION
Extent 80 s.
490 1# - SERIES STATEMENT
Series statement Populart. Študentská knižnica
Volume/sequential designation 29
500 ## - GENERAL NOTE
General note Klasicistická próza
504 ## - BIBLIOGRAPHY, ETC. NOTE
Bibliography, etc. note Bibliogr. s. 79
505 0# - FORMATTED CONTENTS NOTE
Formatted contents note Dialóg o dvoch systémoch sveta / G. Galilei ; Rozprava o metóde / R. Descartes
650 07 - SUBJECT ADDED ENTRY--TOPICAL TERM
Topical term or geographic name entry element racionalizmus
General subdivision myslenie novoveké
-- antológie
653 ## - INDEX TERM--UNCONTROLLED
Uncontrolled term 165.63
700 1# - ADDED ENTRY--PERSONAL NAME
Personal name Descartes, René,
Dates associated with a name 1596-1650
Relationship aut
700 1# - ADDED ENTRY--PERSONAL NAME
Personal name Pažitka, Mikuláš
Relationship trl
700 1# - ADDED ENTRY--PERSONAL NAME
Personal name Vantuch, Anton,
Dates associated with a name 1921-
Relationship trl
774 0# - CONSTITUENT UNIT ENTRY
Title Dialóg o dvoch systémoch sveta
Main entry heading Galilei, Galileo, 1564-1642
774 0# - CONSTITUENT UNIT ENTRY
Title Rozprava o metóde
Main entry heading Descartes, René, 1596-1650
830 #0 - SERIES ADDED ENTRY--UNIFORM TITLE
Uniform title Populart.
Name of part/section of a work Študentská knižnica
Volume/sequential designation 29
910 ## - USER-OPTION DATA (OCLC)
User-option data ukb
942 ## - ADDED ENTRY ELEMENTS (KOHA)
Source of classification or shelving scheme Dewey Decimal Classification
Koha item type Krásna literatúra pre dospelých
Suppress in OPAC No
949 ## - LOCAL PROCESSING INFORMATION (OCLC)
6 1800009264
a 30.D.66681
b PV.5677-96
s 4700:20060922
949 ## - LOCAL PROCESSING INFORMATION (OCLC)
6 1800009263
a SL.D.24704
b PV.5678-96
949 ## - LOCAL PROCESSING INFORMATION (OCLC)
6 1800065039
a 30.D.66681
b NA.239-99
Holdings
Stav vyradenia Strata Poškodenie Spôsob nadobudnutia Domovská knižnica Aktuálna knižnica Dátum nadobudnutia Total checkouts Čiarový kód exemplára Date last seen Typ exemplára
      Dar Obecná knižnica Horná Štubňa Obecná knižnica Horná Štubňa 22.01.2026   8088834287 22.01.2026 Krásna literatúra pre dospelých
Projekt je podporený Slovenskou asociáciou knižníc
Prevádzkuje Turčianska knižnica Martin 2026